| 000 | 00765nam a22002297a 4500 | ||
|---|---|---|---|
| 003 | OSt | ||
| 005 | 20251105003228.0 | ||
| 008 | 251105b |||||||| |||| 00| 0 eng d | ||
| 020 | _a0-13-174206-X | ||
| 040 |
_aDWCL-Admin lib _cOC |
||
| 082 | _aCirc. 610.737 B366p 2007 | ||
| 100 | _aBeaman, Nina | ||
| 245 |
_a Pearson's clinical medical assisting volume III : clinical competencies / _cNina Beaman |
||
| 260 |
_a N.J. : _bPearson Prentice Hall, _cc2007. |
||
| 300 |
_axxii (various paging) : col. ill. ; _c28 cm. + 2 CD-ROMs. |
||
| 504 | _aIncludes index. | ||
| 650 | _a1. Medical secrefaries. | ||
| 650 | _a2. Medical assistants. | ||
| 650 | _a3. medical offices-Management. | ||
| 700 | _aFleming-Mcphillips, Lorraine | ||
| 942 |
_2ddc _cBK-CIRC _kCirc. _n0 |
||
| 999 |
_c5446 _d5446 |
||